Welcome to CU Library Online Public Access Catalogue (OPAC)

Business statistics : (Record no. 8268)

MARC details
000 -LEADER
fixed length control field 00902cam a2200229 a 4500
001 - CONTROL NUMBER
control field 13090446
005 - DATE AND TIME OF LATEST TRANSACTION
control field 20251117141249.0
008 - FIXED-LENGTH DATA ELEMENTS--GENERAL INFORMATION
fixed length control field 030212s2004 njua b 001 0 eng
020 ## - INTERNATIONAL STANDARD BOOK NUMBER
International Standard Book Number 047142983X
050 00 - LIBRARY OF CONGRESS CALL NUMBER
Classification number HF1017
Item number .B572 2004
082 00 - DEWEY DECIMAL CLASSIFICATION NUMBER
Classification number 519.5/024/65
Edition information 21
100 1# - MAIN ENTRY--PERSONAL NAME
Personal name Black, Ken
Fuller form of name (Kenneth Urban)
245 10 - TITLE STATEMENT
Title Business statistics :
Remainder of title for contemporary decision making /
Statement of responsibility, etc. Ken Black.
250 ## - EDITION STATEMENT
Edition statement 4th ed.
260 ## - PUBLICATION, DISTRIBUTION, ETC.
Place of publication, distribution, etc. Hoboken, NJ :
Name of publisher, distributor, etc. Wiley,
Date of publication, distribution, etc. c2004.
300 ## - PHYSICAL DESCRIPTION
Extent xxix, 827 p. :
Other physical details ill. (some col.) ;
Dimensions 29 cm. +
Accompanying material 1 CD-ROM (4 3/4 in.)
650 #0 - SUBJECT ADDED ENTRY--TOPICAL TERM
Topical term or geographic name entry element Commercial statistics.
856 42 - ELECTRONIC LOCATION AND ACCESS
Materials specified Contributor biographical information
Uniform Resource Identifier <a href="http://www.loc.gov/catdir/bios/wiley046/2003265512.html">http://www.loc.gov/catdir/bios/wiley046/2003265512.html</a>
856 42 - ELECTRONIC LOCATION AND ACCESS
Materials specified Publisher description
Uniform Resource Identifier <a href="http://www.loc.gov/catdir/description/wiley039/2003265512.html">http://www.loc.gov/catdir/description/wiley039/2003265512.html</a>
856 41 - ELECTRONIC LOCATION AND ACCESS
Materials specified Table of contents
Uniform Resource Identifier <a href="http://www.loc.gov/catdir/toc/wiley032/2003265512.html">http://www.loc.gov/catdir/toc/wiley032/2003265512.html</a>
942 ## - ADDED ENTRY ELEMENTS (KOHA)
Source of classification or shelving scheme Library of Congress Classification
Koha item type Books
Suppress in OPAC No
999 ## -
-- 8268
-- 8268
Holdings
Withdrawn status Lost status Source of classification or shelving scheme Damaged status Not for loan Home library Current library Shelving location Date acquired Inventory number Total checkouts Full call number Date last seen Copy number Price effective from Koha item type
    Library of Congress Classification     Undergraduate Library (Christ Temple) Undergraduate Library (Christ Temple) General stacks 11/17/2025 1   HF 1017BLA 11/17/2025 1 11/17/2025 Books
© 2023-2024 Copyright: Central University Libraries. All Rights Reserved | Created by: Mahone Tech Office